First Country in Alphabetical Order by Letter - Statistics

General Stats
  • This quiz has been taken 162 times
    127 since last reset
  • The average score is 16 of 24
Answer Stats
Letter Answer % Correct
A Afghanistan
91%
Q Qatar
86%
O Oman
84%
Z Zambia
84%
Y Yemen
82%
J Jamaica
78%
V Vanuatu
74%
F Fiji
73%
L Laos
73%
C Cambodia
72%
B Bahamas
71%
H Haiti
71%
I Iceland
70%
N Namibia
68%
U Uganda
67%
G Gabon
65%
K Kazakhstan
65%
P Pakistan
64%
M Madagascar
59%
E Ecuador
56%
R Romania
55%
D Democratic Republic of the Congo
45%
T Taiwan
45%
S Saint Kitts and Nevis
39%
No matching quizzes found
Score Distribution
Percent of People with Each Score
Percentile by Number Answered
Your Score History
You have not taken this quiz since the last reset